000 00554nam a2200145Ia 4500
008 181022s9999 xx 000 0 und d
020 _a9789719809258
100 _aMadrunio, Marilu R.
245 _cMarilu R. Madrunio, Isabel P. Martin.--
_aPurposive communication :
_busing english in multilingual contexts /
260 _aQuezon City :
_bC & E publishing, Inc.
_c2018
300 _axv, 315 pages.
_billustrations ;
_c22 cm.
500 _aIncludes bibliographical references and index.
650 _aCommunication and culture.
650 _aCommunication.
999 _c359268
_d359268